Welche französischen Départements liegen an der Küste - Statistiken

Allgemein
  • Dieses Quiz wurde 8 mal gespielt
  • Das Durchschnittsergebnis liegt bei 8 aus 26
Antwortstatistiken
Hint Antwort % Korrekt
2B Haute Corse
67%
59 Nord
67%
06 Alpes-Maritimes
50%
34 Hérault
50%
62 Pas de Calais
50%
83 Var
50%
85 Vendée
50%
11 Aude
33%
13 Bouches-du-Rhône
33%
14 Calvados
33%
29 Finistère
33%
33 Gironde
33%
40 Landes
33%
56 Morbihan
33%
17 Charente-Maritime
17%
22 Côtes d'Armor
17%
27 Eure
17%
30 Gard
17%
35 Îlle-et-Vilaine
17%
44 Loire-Atlantique
17%
50 Manche
17%
64 Pyrénées-Atlantiques
17%
66 Pyrénées-Orientales
17%
76 Seine Maritime
17%
80 Somme
17%
2A Sud du Corse
17%
Keine übereinstimmenden Quizze gefunden
Verteilung der Resultate
Anzahl Personen mit jedem Resultat
Perzentil nach korrekt beantworteten Fragen
Ihre Resultats-Entwicklung
Sie haben dieses Quiz noch nicht gespielt